दूरसंचार एवं सुचना प्रौधोगिकी / (Record no. 118388)

MARC details
000 -LEADER
fixed length control field 01189nam a22002657a 4500
005 - DATE AND TIME OF LATEST TRANSACTION
control field 20170124103111.0
010 ## - LIBRARY OF CONGRESS CONTROL NUMBER
LC control number B-047730
020 ## - INTERNATIONAL STANDARD BOOK NUMBER
Terms of availability 200.00
International Standard Book Number 8188139025
035 ## - SYSTEM CONTROL NUMBER
System control number B-047730
037 ## - SOURCE OF ACQUISITION
Source of stock number/acquisition Cen Lib/Ret
040 ## - CATALOGING SOURCE
Original cataloging agency DPL
Language of cataloging HN
082 ## - DEWEY DECIMAL CLASSIFICATION NUMBER
Classification number 384
Item number ओझाडी
100 ## - MAIN ENTRY--PERSONAL NAME
Personal name ओझा ,डी. डी.
9 (RLIN) 42260
245 ## - TITLE STATEMENT
Title दूरसंचार एवं सुचना प्रौधोगिकी /
Statement of responsibility, etc डी. डी. ओझा [एवं] सत्यप्रकाश
246 ## - VARYING FORM OF TITLE
Title proper/short title Doorsanchar evam suchna proudhogiki
Remainder of title by D.D. Ojha [evam] Satyaprakash
260 ## - PUBLICATION, DISTRIBUTION, ETC. (IMPRINT)
Place of publication, distribution, etc दिल्ली
Name of publisher, distributor, etc ज्ञान गंगा प्रकाशन
Date of publication, distribution, etc 2001
270 ## - ADDRESS
Address चावडी बाज़ार
City दिल्ली
Postal code 110006
300 ## - PHYSICAL DESCRIPTION
Extent 197पृष्ठ. :
Dimensions 21सेमी(सजिल्द)
Other physical details चित्र.
650 ## - SUBJECT ADDED ENTRY--TOPICAL TERM
Topical term or geographic name as entry element दूरसंचार
9 (RLIN) 79888
650 ## - SUBJECT ADDED ENTRY--TOPICAL TERM
Topical term or geographic name as entry element दूरसंचार , नवीन आयाम
9 (RLIN) 78791
650 ## - SUBJECT ADDED ENTRY--TOPICAL TERM
Topical term or geographic name as entry element Telecommunications
9 (RLIN) 79889
650 ## - SUBJECT ADDED ENTRY--TOPICAL TERM
Topical term or geographic name as entry element Telecommunications , new dimensions
9 (RLIN) 79890
700 ## - ADDED ENTRY--PERSONAL NAME
Personal name सत्यप्रकाश
9 (RLIN) 43304
942 ## - ADDED ENTRY ELEMENTS (KOHA)
Source of classification or shelving scheme Dewey Decimal Classification
Koha item type Hindi Books
Classification part 384
Call number suffix ओझाडी
Holdings
Withdrawn status Lost status Damaged status Not for loan Home library Current library Date acquired Source of acquisition Cost, normal purchase price Total Checkouts Full call number Barcode Date last seen Copy number Cost, replacement price Price effective from Koha item type
        Central Library Central Library 11/09/2015 Cen Lib/Ret 200.00   384 ओझाडी B-047730 11/09/2015 1 200.00 11/09/2015 Hindi Books

© Delhi Public Library
Hit Counter
free hit counter